000 00668nam a2200265 a 4500
003 AR-BaBNM
005 20251128210459.0
008 082120s2002 ||||||||||||||000 | spa||
040 _cAR-BaBNM
245 0 0 _aAmadís de Gaula
250 _a1ª ed.
260 _aMadrid
_bDoncel
_c1972
300 _axvi, 193 p.
490 0 _aLibro joven de bolsillo
_vv. 14
650 4 _aLITERATURA ESPAÑOLA
650 4 _aLITERATURA POPULAR
650 4 _aANTOLOGIAS
650 4 _aLITERATURA MEDIEVAL
653 _aNOVELA DE CABALLERIA
653 _aEPICA
655 _aLITERATURA
700 1 _aTenreiro, Ramón María
_eprologuista
942 _cBK
998 _cMARTIN
999 _c15614
_d15614